¿Se les está moviendo el piso a las empresas petroleras en América Latina? /

שמור ב:
מידע ביבליוגרפי
מחבר ראשי: Mora Contreras, Jesús
פורמט: Texto
נושאים:
תגים: הוספת תג
אין תגיות, היה/י הראשונ/ה לתייג את הרשומה!

MARC

LEADER 00000 a a2200000 04500
001 5380
003
040
100 |a Mora Contreras, Jesús  
245 |a ¿Se les está moviendo el piso a las empresas petroleras en América Latina? /  |c Jesús Mora Contreras 
650 |a INDUSTRIAS PETROLERAS  
650 |a INDUSTRIA  
650 |a GAS NATURAL  
650 |a PRIVATIZACION  
650 |a AMERICA LATINA  
650 |a PETROLEO  
650 |a GAS NATURAL  
650 |a INDUSTRIA PETROLERA  
650 |a CRUDO  
650 |a REGULACION DE HIDROCARBUROS  
773 |g número 340; páginas 62-77  
999 |c 32336  |d 32336